Central Library and Information Centre
Sibsagar Girls' College, Sivasagar : Assam

BHASA- SAHITYAR SHOBHA (Record no. 14099)

MARC details
000 -LEADER
fixed length control field 00470cam a2200193ua 4500
008 - FIXED-LENGTH DATA ELEMENTS--GENERAL INFORMATION
fixed length control field 121109n2007 II |||gr||||Z||||||asm
040 ## - CATALOGING SOURCE
Original cataloging agency MAIN
041 ## - LANGUAGE CODE
-- English
082 ## - DEWEY DECIMAL CLASSIFICATION NUMBER
Classification number 491.451 SHA
100 ## - MAIN ENTRY--PERSONAL NAME
Personal name SHARMAH GOSWAMI , PRANATI .,
Relator term EDITOR.
245 ## - TITLE STATEMENT
Title BHASA- SAHITYAR SHOBHA
250 ## - EDITION STATEMENT
Edition statement 1st.
260 ## - PUBLICATION, DISTRIBUTION, ETC.
Place of publication, distribution, etc. GUWAHATI
Name of publisher, distributor, etc. BANI MANDIR
Date of publication, distribution, etc. 2007
300 ## - PHYSICAL DESCRIPTION
Extent 309.:
Dimensions 20CM.
700 ## - ADDED ENTRY--PERSONAL NAME
Personal name BHARALI , BIVA .
942 ## - ADDED ENTRY ELEMENTS (KOHA)
Koha item type Books
653 ## - INDEX TERM--UNCONTROLLED
Uncontrolled term Asomiya Language
Holdings
Withdrawn status Lost status Damaged status Not for loan Collection code Home library Current library Shelving location Date acquired Total Checkouts Full call number Barcode Date last seen Date last checked out Copy number Price effective from Koha item type Public note
        TBASM Central Library and Information Centre Sibsagar Girls College Central Library and Information Centre Sibsagar Girls College ASSAMESE BOOK RACK 08.04.2007 1 491.451 22893 28.02.2026 01.12.2025 1 27.02.2020 Books V


Sibsagar Girl's College © 2020. All rights reserved.
Powered by Koha.
Maintained by Abhijit Borpuzari.